| 000 | 00770cam a22001814a 4500 | ||
|---|---|---|---|
| 005 | 20250605164357.0 | ||
| 008 | 250528s ||||||||||||||||||||||||d | ||
| 035 | _a24406 | ||
| 040 |
_aGR-AtMCL _bgre _dGR-AtMCL _eAACR2 |
||
| 245 | 1 | _aContinuous Manufacturing / Topics Under Discussion at the JPAG Meeting Reported in our In-Depth Focus | |
| 260 |
_bRussel Publishing Ltd, _c2018 |
||
| 300 | _a76 | ||
| 520 | _aRaman Spectroscopy: Shining New Light on this Key Technology with Our In-Depth Focus, Is Supercritical Fluid Chromatography Applicable to Achiral Separations?, Microfluidics Technology in Pharmaceutical Research and Drug Discovery and Development. | ||
| 700 | 1 |
_aStones Mike _99461 |
|
| 942 | _cCR | ||
| 999 |
_c9290 _d9290 |
||